C++ PROGRAMMING / (Record no. 566359)

000 -LEADER
fixed length control field 00340nam a22001457a 4500
027 ## - STANDARD TECHNICAL REPORT NUMBER
Qualifying information PB.
040 ## - CATALOGING SOURCE
Transcribing agency FIZZA ISHAQ
082 ## - DEWEY DECIMAL CLASSIFICATION NUMBER
Classification number 005.133
Author Mark MAL
100 ## - MAIN ENTRY--PERSONAL NAME
Personal name MALIK, D.S
9 (RLIN) 18066
245 ## - TITLE STATEMENT
Title C++ PROGRAMMING /
Statement of responsibility, etc. D.S, MALIK
250 ## - EDITION STATEMENT
Edition statement 5TH ED.
260 ## - PUBLICATION, DISTRIBUTION, ETC.
Place of publication, distribution, etc. NEWYORK :
Name of publisher, distributor, etc. CENGAGE LEARNING,
Date of publication, distribution, etc. 2011.
300 ## - PHYSICAL DESCRIPTION
Extent 1574 P. ;
942 ## - ADDED ENTRY ELEMENTS (KOHA)
Source of classification or shelving scheme
Koha item type Book
Holdings
Withdrawn status Lost status Source of classification or shelving scheme Damaged status Not for loan Permanent Location Current Location Date acquired Total Checkouts Full call number Barcode Date last seen Price effective from Koha item type
          NUST Baluchistan Campus (NBC) NUST Baluchistan Campus (NBC) 06/25/2021   005.133 MAL Q-2008 06/25/2021 06/25/2021 Book
© 2023 Central Library, National University of Sciences and Technology. All Rights Reserved.